[Event "Geneva FIDE GP"]
[Site "Geneva"]
[Date "2017.07.07"]
[Round "2"]
[White "Salem, AR Saleh"]
[Black "Giri, Anish"]
[Result "0-1"]
[WhiteElo "2638"]
[BlackElo "2775"]
[Annotator "Szabo,Kr"]
[PlyCount "86"]
[EventDate "2017.07.06"]
[EventType "swiss"]
[EventRounds "9"]
[EventCountry "SUI"]
[SourceTitle "CBM 180"]
[Source "ChessBase"]
[SourceDate "2017.09.13"]
[SourceVersion "1"]
[SourceVersionDate "2017.09.13"]
[SourceQuality "1"]

1. e4 e5 2. Nf3 Nc6 3. Bc4 Bc5 4. c3 Nf6 5. d3 d6 6. Bg5 h6 7. Bh4 a6 (7... g5
{is the other main continuation.}) 8. a4 Ba7 9. Nbd2 Qe7 (9... g5 10. Bg3 O-O
11. O-O Nh7 12. h3 h5 $132 {Topalov-So Wesley, London 2016, with a complicated
middlegame.}) 10. b4 Bd7 $146 {A novelty by Giri.} (10... g5 11. Bg3 Nh5 12.
Nf1 Be6 13. Bxe6 Qxe6 14. Ne3 Bxe3 15. fxe3 a5 16. b5 Ne7 $11 {
Vocaturo-Romanov, Gjakova 2016, with a balanced position.}) 11. Rb1 g5 12. Bg3
Nh5 13. b5 axb5 14. axb5 Na5 15. Bd5 Nxg3 (15... O-O $5) 16. hxg3 Qf6 {Black
protects the h6-pawn and is threatening with ...g4.} ({Or} 16... c6 17. bxc6
bxc6 18. Ba2 {with a similar position to that after the text move.}) 17. Qe2
O-O 18. Nh2 c6 19. bxc6 bxc6 20. Ba2 Kg7 (20... Rab8 21. O-O Kg7 {is also fine
for Black.}) 21. Ndf1 $6 {White postpones castling, first he would like to
improve his knight. Moreover he is threatening Ne3, Nhg4 to exert pressure on
h6. Nevertheless this is an inaccuracy, because Black can gain the initiative.}
(21. O-O {was the most natural.}) 21... Rfb8 22. Ne3 Bxe3 {Of course the
knight has to be taken, otherwise Nhg4.} 23. Qxe3 Be6 {A logical continuation.}
({The smart} 23... Nc4 $1 {was the strongest reply,} 24. dxc4 Rxa2 25. O-O (25.
Rxb8 Ra1+ 26. Ke2 Rxh1 $17) 25... Rxb1 26. Rxb1 c5 $15 {and White's pawn
structure is weak.}) 24. Qe2 Bxa2 25. Rxb8 (25. Qxa2 $2 {loses immediately,
because of} Nc4 $1 26. Qc2 Na3 $19) 25... Rxb8 26. Qxa2 Qe6 27. Qa1 $6 {
Too passive.} (27. Qxe6 {was important,} fxe6 28. Ke2) ({or} 27. Qc2 $11 {
followed by 0-0 and White can hold his position.}) 27... Nb3 $1 28. Qd1 Nc5 {
This was a good knight manoeuvre, now the c3- and d3-pawns are weak.} 29. O-O
Rb3 30. Qc2 Ra3 $1 {Giri continues the pressure with very deep moves!} 31. Rb1
$6 ({Still} 31. d4 {was more accurate, but after} Qb3 $1 $15 {Black's chances
are better.}) 31... Qa2 $1 32. Qxa2 Rxa2 {Now White loses a pawn.} 33. Ng4 (33.
Rd1 Ra3 $17) 33... Rd2 ({The immediate} 33... Nxd3 {could have been met by} 34.
Rd1 {and it is still not easy.}) 34. Ne3 Rxd3 35. Nf5+ Kf6 36. f3 g4 37. Kf2
gxf3 38. gxf3 d5 $1 39. Rb6 dxe4 40. Ne3 Rd2+ 41. Ke1 Rd6 42. fxe4 Nxe4 43. g4
Kg5 0-1

[Event "Valle d'Aosta op 11th"]
[Site "Saint Vincent"]
[Date "2003.02.12"]
[Round "5"]
[White "Tiviakov, Sergei"]
[Black "Golod, Vitali"]
[Result "1-0"]
[WhiteElo "2635"]
[BlackElo "2532"]
[Annotator "Tiviakov,S"]
[PlyCount "81"]
[EventDate "2003.02.08"]
[EventType "swiss"]
[EventRounds "9"]
[EventCountry "ITA"]
[SourceTitle "CBM 092 Extra"]
[Source "ChessBase"]
[SourceDate "2003.03.07"]
[SourceVersion "1"]
[SourceVersionDate "2003.03.07"]
[SourceQuality "1"]

{[This game from the 5th round of the St. Vincent (Italy)open tournament is
one of my best games of the last months.]} 1. e4 e5 2. Nf3 Nc6 3. Bc4 {[I have
started playing this variation frequently in the last tournaments. Nowadays it
is not easy to get the advantage after 3.Bb5 a6 4.Ba4 Nf6 5.Qe2 or 3...Nf6 4.
Bb5 what I used to play earlier.]} Bc5 4. c3 Nf6 5. d3 a6 (5... Bb6 {is
another possible approach to play against the Italian. After it White's
strategy with Bc1-e3 is useless. But ...Bb6 has a drawback. After Nb1-a3-c4,
or Nb1-d2-c4 the bishop on b6 can be exchanged, giving White the pair of
bishop. I managed to exploit the drawbacks of the move in the following game.}
6. Bb3 d6 7. Nbd2 Be6 (7... O-O) (7... h6) (7... Ne7) 8. Nc4 O-O $146 (8... h6)
(8... Qd7) 9. Bg5 h6 10. Bh4 $16 Qe7 11. Nfd2 Rad8 12. Qe2 d5 13. exd5 Bxd5 14.
O-O Rfe8 15. Rfe1 Qe6 16. Ba4 Qf5 17. Ne3 Qg6 18. Bc2 Rd7 19. d4 Qh5 20. Nxd5
Rxd5 21. Bxf6 Qxe2 22. Rxe2 gxf6 23. Ne4 Kg7 24. Ng3 Rdd8 25. Nh5+ Kf8 26. d5
Nb8 27. Nxf6 Re7 28. Rd1 Nd7 29. Ng4 h5 30. Nh6 Nf6 31. Nf5 Ree8 32. Ba4 c6 33.
dxc6 Rxd1+ 34. Bxd1 bxc6 35. h3 Nd5 36. Bb3 Nf4 37. Rd2 Rd8 38. Rxd8+ Bxd8 39.
Bc4 Bb6 40. Nd6 f6 41. Nc8 h4 42. b4 Ke8 43. a4 Kd7 44. Nxb6+ axb6 45. Kh2 e4
46. g3 Ng6 47. gxh4 Nxh4 48. Kg3 Ng6 49. h4 f5 50. Bf1 Ke6 51. h5 Ne7 52. a5 {
1-0 Tiviakov,S-De la Paz,F/Malaga 2003 (52)}) 6. Bb3 d6 7. O-O Ba7 (7... b5
$146 {can not be recommended. In comparison with the same position from the
Ruy Lopez, White has an extra tempo here.} 8. a4 Bb7 $6 (8... Rb8 {was better})
9. Na3 $16 {and because of the weak pawn on b5 White is much better. E.g.} h6 (
9... O-O 10. Bg5 $16) (9... b4 10. Nc4 $16) 10. Be3 Bxe3 11. fxe3 bxa4 $8 (
11... b4 12. cxb4 Nxb4 13. Bxf7+ $1 Kxf7 14. Qb3+ $18) 12. Bxa4 O-O 13. Nc4 Ne7
14. Na5 (14. b4 $5) 14... Bc8 15. b4 $16 c5 $2 (15... Be6) 16. bxc5 Qxa5 17.
cxd6 Ng6 18. Bc6 $18 Qb6 19. Bxa8 Ng4 20. Qd2 Nxe3 21. Qf2 Nf4 22. Nxe5 Nfxg2
23. d7 Qd6 {1-0 Tiviakov,S-Godena,M/Saint Vincent ITA 2003 (23)}) 8. Be3 O-O 9.
Nbd2 Ne7 ({After} 9... Be6 $5 $146 10. Bxe6 fxe6 11. Bxa7 Rxa7 12. Qb3 Qe7 13.
d4 $14 {Black was not able to neutralise White's pressure. For example,} Nd7
14. a4 a5 15. Qb5 Qf6 16. d5 Ncb8 17. b4 exd5 18. exd5 Qg6 19. bxa5 Nc5 20.
Nxe5 Qf5 21. Rae1 $16 Nba6 22. Nef3 Qxd5 23. Ne4 h6 24. Nd4 Qa2 25. Nxc5 Nxc5
26. Re7 c6 27. Qb6 Raa8 28. Qc7 Rf7 29. Qxd6 $18 {Tiviakov,S-Jonkman,H/Santo
Domingo DOM 2002}) ({Other moves have been played here as well. But it is not
easy for Black to find a suitable plan.} 9... Kh8) (9... Re8) (9... Qe7) (9...
Bxe3) (9... Bg4) (9... h6) 10. Nh4 $1 $146 ({Stronger than} 10. Bxa7 Rxa7 {
because after} 11. Nh4 $140 {Black has} g5 $1) (10. h3 {has been played here
before}) 10... Kh8 $6 ({Having started my games carefully, Alexis Cabrera
easily won the following game against Rizouk at the latest tournament in
Malaga. I have spoken with Rizouk after that game. He didn't study my latest
games with .Bc1-e3.} 10... h6 $6 11. Bxa7 Rxa7 12. f4 $16 Kh7 13. Qf3 Ra8 14.
fxe5 dxe5 15. Nc4 Nc6 16. d4 Qe7 17. Nf5 Bxf5 18. Qxf5+ Kh8 19. Nxe5 Nxe5 20.
Qxe5 Qxe5 21. dxe5 Nd7 22. Bxf7 Nxe5 23. Bb3 Rfe8 24. Rad1 Re7 25. h3 Rae8 26.
Rf2 Rc8 27. Kh2 Ree8 28. Kg3 Re7 29. Rfd2 Ree8 30. Ba4 Rf8 31. Rf2 c6 32. Rxf8+
Rxf8 33. Bb3 a5 34. Rd6 Re8 35. Kf4 Kh7 36. Be6 Ng6+ 37. Ke3 Nf8 38. Bb3 Re7
39. Kd3 g6 40. a4 Kg7 41. Bc4 Nd7 42. Be6 Nf8 43. Bc8 Rc7 44. Bg4 Re7 45. h4 {
1-0 Cabrera,A-Rizouk,A/Malaga ESP 2003/The Week in Chess 434 (45)}) (10... Bxe3
{is, probably, the most stubborn defence against the White plan, although
still not enough to equalise completely. After} 11. fxe3 Ng6 (11... Be6 $5) 12.
Nf5 ({or} 12. Nxg6 $14 {with a plus.}) 12... c6 13. d4 $14 {White is slightly
better} d5 14. Qf3 Be6 15. Rae1 a5 16. exd5 cxd5 17. dxe5 Nxe5 18. Qg3 Ng6 19.
Nd4 Ra6 20. a4 Rb6 21. h3 Nd7 22. e4 Nc5 23. Bxd5 Rxb2 24. Nc4 Nxe4 25. Bxe4
Bxc4 26. Rb1 Ra2 27. Rfd1 Qe7 28. Re1 Qf6 29. Rxb7 Rxa4 30. Rb8 Ra2 31. Bxg6
fxg6 32. Rxf8+ Qxf8 33. Rb1 Bd5 34. Rb8 Rxg2+ 35. Qxg2 Bxg2 36. Rxf8+ Kxf8 37.
Kxg2 a4 38. Nb5 Ke7 39. Kf3 Kd7 40. Ke4 Kc6 41. Na3 Kd6 42. Kd4 g5 43. Nb5+ Kc6
{1/2-1/2 Barua,D-Sasikiran,K/Nagpur IND 2002/The Week in Chess 376 (43)}) 11.
Bxa7 Rxa7 12. f4 $36 {[Now White has a very strong initiative in the center
and on the king's side. Also Black has to spend time bringing back Ra7 into
play.]} exf4 (12... Ng4 {is answered by} 13. Qf3 $16) 13. Rxf4 d5 $6 ({When
keeping behind in the development it is better to keep the position closed.
All following moves were, probably, better than the text.} 13... Nc6 14. Nf5) (
13... Be6) (13... Ra8) 14. Qf3 $1 ({During the game my opponent was afraid of} 
14. Qf1 $5 {but why to make passive moves when there is a nice active
possibility?!}) 14... Neg8 ({After} 14... dxe4 15. Nxe4 $16 {Black can't take
on e4 because the pawn f7 is hanging after} Nxe4 $140 16. dxe4 $18 {(><f7)} f6
17. e5) 15. e5 $1 g5 (15... Nd7 {loses by force after} 16. Qxd5 $1 {The
following variations illustrate that Black can't save the game.} (16. d4 g5 17.
Rxf7 gxh4 18. Bxd5 $40) 16... g5 (16... Ne7 17. Qe4 g5 18. Rxf7 (18. e6 $5)
18... Rxf7 19. Bxf7 gxh4 20. e6 Nf6 21. Qxh4 Nc6 22. Qg5 $1 $18) 17. e6 $1 gxf4
(17... Nb6 18. Qxd8 Rxd8 19. Rxf7 gxh4 20. e7 Nxe7 21. Rxe7 $18) 18. exd7 Qxd7
(18... Bxd7 19. Qd4+ $18) 19. Qe5+ f6 20. Qc5 $18) 16. Rxf6 Nxf6 17. exf6 gxh4
18. Bxd5 {[The critical position of the game. My opponent spent lot of time
here. Both of us thought during the game that 18...c6 loses after 19.Be4 Qb6
20.d4 Qb5 21.d5, but it is not so. 18...c6 was Black's best chance as after
the text 18...Qd7 he gets a technically lost ending. Please, note that 18...
Rg8 loses as well.]} Qd7 $6 (18... c6 $142 $5 19. Be4 Qb6+ 20. d4 Qb5 (20...
Qxb2 21. Qh5 $18) 21. Qf4 (21. d5 cxd5 22. Bd3 (22. Bxh7 d4) 22... Qc5+ 23. Kh1
d4 24. Nb3 $16) 21... Rg8 22. Nc4 Qg5 23. Qxg5 (23. Ne5 Be6 $16) 23... Rxg5 24.
Nd6 Be6 25. c4 $16 {White keeps the upper hand in the ending.}) (18... Rg8 {
loses after} 19. Nc4 $1 (19. Bxf7 Rf8 20. Qe3 Ra8 21. Qe7 Bf5 $14) 19... Rg5
20. Re1 $18) 19. Be4 Qb5 $8 {[The only move.]} 20. Qe3 $1 ({Black holds the
position after} 20. Qf2 Ra8 $1 ({not} 20... b6 21. Qxh4 Bf5 22. a4 Qd7 23. Qg5
Bg6 24. Nf3 $18 {/\Ne5}) 21. Qxh4 $140 Bf5 $13) (20. Qf4 Rg8 21. Nc4 Qc5+ 22.
d4 $16 {is worse than the text.}) 20... Qb6 $8 {[The only move.]} 21. Qxb6 cxb6
22. Rf1 $5 {[Threatening to play Rf4-h4-h7]} (22. Nc4 $5 b5 23. Ne5 $16 {
was possible as well.}) 22... Rg8 (22... Be6 {loses after} 23. Rf4 h3 24. Rh4
$18) ({the same as} 22... b5 23. Rf4 $18) 23. Nc4 {[Threatening to catch the
rook on a7 by Nb6.]} b5 24. Ne5 Be6 25. d4 $6 ({An inaccurate move, missing
the possibilty to finish the game elegantly by} 25. Rf5 $1 {(Black can't play
Rg8-g5 now)} h3 ({or} 25... h6 26. Rh5 Rg5 27. Rxh6+ Kg8 28. Nf3 $18 {winning})
26. Rh5 Rxg2+ 27. Bxg2 hxg2 28. a3 $18) (25. Rf4 Rg5 26. d4 {leads to the same
position as 25.d4 Rg5 26.Rf4}) 25... Rg5 26. a3 ({Not giving Black any chance.
The pawn on a2 can be valuable. After} 26. Rf4 h3 $1 27. Rh4 (27. g3 Bxa2 $16)
27... hxg2 $16 {Black is still fighting.}) 26... h3 27. g3 b6 $6 (27... a5 $142
$18 {followed by b4, was stronger.}) 28. Rf4 $18 {[Now Black can't do anything
against the march of White king to f4 and the advance of the d pawn.]} Kg8 29.
Kf2 (29. Rh4 {wins as well, for example} h5 (29... Bf5 30. Bxf5 Rxf5 31. Nc6
$18) 30. Kf2 {(/\Ke3-f4)} Bg4 31. Ke3 Kf8 32. Bh7 $18 {the Rg5 is trapped.})
29... Rc7 30. Ke3 Rh5 31. Rf2 Rg5 32. Kf4 h6 33. d5 {[The real triumph of the
White strategy. Being th exchange down White has the total domination. Black
rook are cut off, the king on g8 does nothing. White pawn d simply advances.]}
Rc5 34. Rd2 ({Or} 34. dxe6 Rcxe5 35. e7 $18 {winning}) 34... Bc8 35. Rd3 Bb7
36. b4 Rc8 37. d6 ({Or} 37. Nf3 $18) 37... Bxe4 38. d7 Rd8 39. Kxe4 {(/\Nc6)}
Kh7 40. Nxf7 Rg4+ 41. Kf5 1-0

[Event "NED-ch55"]
[Site "Rotterdam"]
[Date "2000.05.19"]
[Round "11"]
[White "Tiviakov, Sergei"]
[Black "Van den Doel, Erik"]
[Result "1-0"]
[WhiteElo "2567"]
[BlackElo "2522"]
[Annotator "Tiviakov,S"]
[PlyCount "93"]
[EventDate "2000.05.07"]
[EventType "tourn"]
[EventRounds "11"]
[EventCountry "NED"]
[EventCategory "12"]
[SourceTitle "EXT 2002"]
[Source "ChessBase"]
[SourceDate "2001.11.25"]
[SourceVersion "1"]
[SourceVersionDate "2001.11.25"]
[SourceQuality "1"]

1. e4 e5 2. Nf3 Nc6 3. Bc4 Nf6 4. d3 Bc5 5. c3 a6 6. Bb3 d6 7. Nbd2 Ba7 8. Nf1
$5 Ng4 (8... Be6) (8... d5) (8... Ne7) (8... O-O) (8... h6) 9. Ne3 $146 (9. d4
exd4 (9... Nf6 10. Ng3 Bg4 (10... exd4 11. cxd4 {- 9...exd4 10.cxd4 Nf6 11.Ng3}
) 11. d5 Na5 12. Ba4+ b5 13. Bc2 $14 Nh5 14. Nf5 Bxf5 15. exf5 h6 16. Nxe5 Qh4
17. Ng4 Nf6 18. Qe2+ Kf8 19. Nxf6 gxf6 20. O-O Nc4 21. Qe4 Qxe4 22. Bxe4 Kg7
23. Re1 Rhe8 24. Kf1 Re7 25. Bf3 Rxe1+ 26. Kxe1 Re8+ 27. Kf1 Bb6 28. g4 Ba5 29.
a4 b4 30. Be2 bxc3 31. Bxc4 Re1+ 32. Kg2 c2 33. Bd3 Bd2 34. Bxd2 Rxa1 35. Bxc2
h5 36. gxh5 Ra2 37. Bc3 Ra1 38. a5 Kh6 39. Bd3 Rd1 40. Bxa6 Rxd5 41. Bc8 Rd1
42. b4 Rd3 43. Bxf6 Rb3 44. a6 Rxb4 45. Bb7 Ra4 46. Bd8 c5 47. Bb6 c4 48. a7 {
1-0 Kramnik,V-Mikhalevski,V/Junior ch 1990 (48)}) 10. cxd4 Nf6 (10... Qf6 11.
h3 Nxf2 12. Kxf2 Bxd4+ 13. Be3 Bxe3+ 14. Nxe3 Qxb2+ 15. Qd2 Qxd2+ 16. Nxd2 $16
Nd4 17. Nd5 Nxb3 18. Nxb3 Kd8 19. Rhd1 Rb8 20. Na5 c6 21. Nb4 Kc7 22. Rac1 Be6
23. Nbxc6 bxc6 24. Rxc6+ Kd7 25. Rcxd6+ Ke7 26. Nc6+ Kf6 27. Nxb8 Rxb8 28. Kf3
a5 29. Ra6 Rb2 30. a4 Rb3+ 31. Kf2 Rb2+ 32. Kg1 Ke5 33. Rxa5+ Kxe4 34. Ra1 Bc4
35. Rg5 g6 36. Rg4+ Kd3 37. Ra3+ Rb3 38. Rxb3+ Bxb3 39. Rg3+ {1-0 Degraeve,
J-Marciano,D/Belfort 1997/CBM 62 (39)}) 11. Ng3 Bg4 (11... O-O $5) 12. Be3 d5
13. e5 Ne4 14. Bc2 (14. Ba4 $6 O-O 15. Bc2 f5 16. exf6 Nxf6 17. O-O Qd7 18. Qd2
Bxf3 19. gxf3 Qf7 20. f4 Rae8 21. Kh1 Ne7 22. Rg1 Kh8 23. Qd3 Ng6 24. Ne2 Ne4
25. Rg3 Qe6 26. Rf1 Nh4 27. Ng1 Nxg3+ 28. hxg3 Nf5 29. Nf3 Qe4 30. Qxe4 dxe4
31. Ne5 Rxe5 32. dxe5 Bxe3 33. Bxe4 Bd4 34. Rd1 c5 35. b4 b6 36. bxc5 bxc5 37.
Rb1 g6 38. Kg2 Ng7 39. Rb7 g5 40. fxg5 Rxf2+ 41. Kh3 Bxe5 42. Ra7 Ne6 43. Rxh7+
Kg8 44. Rh5 Kf8 45. Bd5 Nc7 46. Bb3 Rf3 47. Kg4 Rxg3+ 48. Kf5 Re3 49. Kg6 Rd3
50. Rh1 Rd6+ 51. Kh7 Ne6 52. Rf1+ Ke7 53. Kg6 Nd4+ 54. Kh7 Nxb3 55. axb3 Rd3 {
0-1 Nevednichy,V-Aleksandrov,A/Nikolaev 1993/CBM 35 (55)}) 14... f5 15. exf6
Nxf6 16. h3 Bxf3 17. Qxf3 Bxd4 18. Nf5 Bxb2 19. Rb1 Bc3+ 20. Kf1 $44 Qd7 21.
Rxb7 O-O 22. g4 Ne5 23. Qd1 Nc4 24. g5 Ne4 25. Bxe4 Rxf5 26. Bxf5 Qxf5 27. Bc1
Rf8 28. f4 Qe4 29. Rh2 d4 30. Qb3 {1/2-1/2 Degraeve,J-Tkachiev,V/Corsica 1997/
EXT 99 (30)}) 9... Nxe3 10. Bxe3 Bxe3 $6 (10... Bg4 $11 {/\Qf6}) (10... O-O $11
) (10... Qf6 $11) 11. fxe3 $14 {[|^ <->f, /^a2-g8, ><f7]} O-O (11... Be6 12.
Bxe6 fxe6 13. Qb3 Qc8 14. Ng5 $14 (14. O-O $14) (14. d4 $5)) 12. O-O Na5 (12...
Be6 13. Bxe6 fxe6 14. Qb3 (14. d4 $5) 14... Qd7 15. Ng5 Rxf1+ 16. Rxf1 Nd8 17.
d4 $14 {[+]}) 13. Bc2 Be6 $6 (13... c5 14. d4 $5 $14 {|^[+]}) (13... f5 14.
exf5 (14. d4 fxe4 15. Bxe4 $14) 14... Bxf5 15. b4 (15. e4 $14) (15. d4 $5)
15... Nc6 16. Bb3+ Kh8 17. e4 $14) (13... Bg4 14. Qe1 $14) 14. b4 $1 Nc6 15. d4
{[+]} Bg4 (15... Bc4 16. Rf2 {ץc4}) 16. Qe1 Bh5 $6 (16... Bxf3 17. gxf3 $5 $14
{[+], /\Kh1, Rg1 |^<->g, /\f4} (17. Rxf3 $14)) 17. Qg3 (17. Nh4 $5 Qg5) 17...
Bg6 18. Nh4 $16 {[/\Rf3, Raf1 -> >>, <->f, /^a2-g8, ץg6, f7]} Qe7 19. Rf3 $1
Rae8 (19... exd4 20. exd4 (20. Nxg6 fxg6 21. exd4 $16 (21. Rxf8+ Rxf8 22. exd4
$16)) 20... Bxe4 $140 21. Bxe4 $1 (21. Re1 Bxc2 $1 (21... d5 22. Bxe4 dxe4 23.
Nf5 Qf6 24. Rxe4 $18) 22. Rxe7 Nxe7 $14) 21... Qxe4 22. Nf5 g6 23. Re1 Qc2 (
23... Qd5 24. Qg5 $18) 24. d5 $1 $40 Ne5 25. Rxe5 dxe5 26. Qxe5 Qb1+ (26... f6
27. Qxc7 $18) 27. Rf1 Qxf1+ 28. Kxf1 gxf5 29. Qg3+ Kh8 30. Qxc7 $18) (19... Kh8
20. Raf1 $16 (20. Qg4 $5 $16)) (19... Nd8 $5 $16) 20. Raf1 Kh8 (20... Bh5 21.
Rf5 $16 (21. R3f2 $16)) (20... Nd8 21. Nxg6 hxg6 $16 (21... fxg6 22. Bb3+ Kh8 {
- 20...Kh8 21.Bb3 Nd8 22.Ng6 fxg6})) 21. Bb3 $1 {[#]} a5 $5 (21... Nd8 22.
Nxg6+ (22. Qxg6 $6 Qxh4 $1 $11) (22. Qg4 $16) 22... fxg6 23. Qxg6 $1 $18 (23.
Rxf8+ Rxf8 24. Rxf8+ Qxf8 25. dxe5 $16)) (21... Bh5 22. Rf5 Bg6 23. Nxg6+ fxg6
24. Rf7 Qd8 (24... Rxf7 25. Rxf7 Qd8 26. Bd5 $16) 25. Qh3 $16 (25. Bd5 $16))
22. Nxg6+ (22. b5 Nd8 (22... Na7 23. a4 $18 {-> פa7}) 23. Nxg6+ fxg6 24. Qxg6
$16 (24. Rxf8+ Rxf8 25. Rxf8+ Qxf8 26. dxe5 $16)) (22. Qh3 $5 h6 $8 (22... Bxe4
23. Bxf7 Ra8 24. d5 $1 $18 g5 (24... Na7 25. Ng6+ Bxg6 26. Bxg6 h6 27. Qd7 $18)
(24... Nd8 25. Ng6+ Bxg6 26. Bxg6 $18) 25. Ng6+ Bxg6 26. Bxg6 Rxf3 27. Rxf3 $18
) 23. Nxg6+ fxg6 24. Bf7 Ra8 {- 22.Nxg6 fxg6 23.Bf7 Ra8 24.Qh3 h6}) (22. Qxg6
$6 Qxh4 $8) (22. bxa5 $5 $16) 22... fxg6 23. Bf7 (23. Qxg6 $6 axb4 24. Rh3 (24.
Bf7 Qh4 $13) 24... Rxf1+ 25. Kxf1 Qf6+ 26. Qxf6 gxf6 27. d5 Na5 $11) (23. Rf7
Qd8 $14 24. d5 $140 Rxf7 25. Rxf7 Ne7 26. bxa5 Ng8 {/\Nf6, צf7}) 23... Ra8 (
23... Rc8 24. Qh3 h6 25. d5 $18 {/\Bg6}) (23... Rd8 24. Qh3 h6 25. d5 $18 {
/\Bg6}) 24. Qh3 h6 25. d5 $1 (25. b5 Na7 {><b5, /\26...exd4 27.exd4 Qe4}) 25...
Nd8 (25... Na7 $5 26. Bxg6 (26. Qe6 Qxe6 27. dxe6 Nc6 $16) 26... Rxf3 27. Qxf3
Nb5 $16) 26. Bxg6 Rxf3 27. Qxf3 Kg8 $8 28. b5 b6 $6 {[/\Nb7-c5]} (28... c6 $142
29. dxc6 bxc6 30. bxc6 Nxc6 (30... Rc8 31. Qd1 Nxc6 (31... Rxc6 32. Qd5+ Kh8
33. Qxa5 $18) 32. Qd5+ Kh8 33. Bf5 Rc7 34. Rd1 $18 {><d6}) 31. Bf7+ (31. Qd1 $5
{/\Qd5}) 31... Kh8 32. Bd5 $16) (28... a4 29. a3 b6 (29... c6 30. dxc6 bxc6 31.
bxc6 $18 {><a4}) 30. Qf5 {- 28...b6 29.Qf5 a4 30.a3}) 29. Qg4 $6 (29. Qf5 $142
$1 a4 (29... Qf6 30. Bh7+ $1 (30. Qg4 $2 Qg5 {- 29.Qg4 Qg5}) 30... Kh8 31. Qd7
Qg5 32. Bf5 Qxe3+ 33. Kh1 Nb7 34. Qc6 $18) (29... Nb7 30. Qe6+ Qxe6 31. dxe6
$18 {o^e6}) 30. a3 {(/\h4)} Qf6 31. Bh7+ $1 Kh8 32. Qd7 Qg5 33. Bf5 Qxe3+ 34.
Kh1 Nb7 35. Qc6 $18) 29... Qg5 $8 (29... a4 30. h4 $1 (30. a3 Qg5 31. Qxg5 hxg5
32. Rf5 {- 29...Qg5 30.Qxg5 hxg5 31.Rf5 a4 32.a3}) 30... a3 31. g3 $22 Ra5 $140
32. Qc8 (32. c4 Ra4 33. Qc8 Rxc4 34. Rf7 $18) 32... Rxb5 33. Rf7 $18) (29...
Nb7 30. Qe6+ $18 {- 29.Qf5 Nb7 30.Qe6}) 30. Qxg5 hxg5 31. Rf5 (31. a4 Nb7 $132
{/\Nc5, ><a4}) 31... a4 32. a3 $2 {[><a3]} (32. Kf1 $142 Ra5 (32... a3 33. Ke2
Ra5 34. Be8 {- 32...Ra5 33.Be8 a3 34.Ke2}) 33. Be8 $18 a3 $140 (33... Nb7 34.
c4 $5 $18 (34. Ke2) (34. Bf7+)) 34. Ke2 Ra4 35. Kd3 Nb7 36. Bf7+ Kh8 37. Rxg5
Nc5+ 38. Kc2 g6 39. Bxg6 $18) 32... Nb7 33. Bf7+ Kh7 $2 (33... Kf8 34. Be6+ Ke7
(34... Ke8 35. Rxg5 $18) 35. Rf7+ Ke8 36. Rxg7 $18 (36. Rxc7 Nc5 37. Rxg7 $18))
(33... Kh8 $142 $1 $13 {(/\Na5-c4, ><a3)} 34. Rxg5 $140 g6 35. Bxg6 Na5 36.
Rh5+ Kg7 37. Bf5 Nc4 38. Rh7+ Kg8 39. Rxc7 Nxa3 $17 {o^a4}) 34. Rxg5 $18 g6 35.
Bxg6+ $1 (35. Rxg6 $4 Rf8 $19) (35. h4 $2 Na5 36. Bxg6+ Kh8 {/\Nc4-a3}) 35...
Kh6 (35... Kh8 36. Bh5 $1 Na5 (36... Nc5 37. Bf3 $18) 37. Be2 $18) 36. Rg4 $8
Na5 (36... Rg8 37. Bf5 Rxg4 38. Bxg4 Na5 $140 39. Be2 $18) 37. Bf5 $1 Nc4 38.
Rg6+ Kh7 (38... Kh5 39. g4+ Kh4 40. Rh6+ Kg5 41. Rh5+ Kf6 42. g5+ Kg7 43. Rh7+
Kg8 44. Rxc7 Nxa3 45. Be6+ $18 {/\g6}) 39. Rxd6+ Kh8 40. Rh6+ $1 Kg8 41. Rc6
Nxa3 42. d6 cxd6 43. Be6+ (43. Rxb6 Kf7 $140 $5 44. Ra6 Rxa6 45. bxa6 Nb5 46.
Bd7 $18) 43... Kg7 (43... Kf8 44. Rxb6 $18 {/\Ra6}) 44. Rxb6 Nb1 45. Ra6 Re8 (
45... Rf8 46. Rxa4 Nxc3 47. Ra7+ {/\Bc4}) 46. Bd7 Re7 47. Bc6 1-0